000 02525cam a22005534i 4500
003 PE-LiUPU
005 20250731173107.0
008 181207s2018 miua r 001 0 eng d
020 _a1540960005
020 _a9781540960009
035 _a(Sirsi) a250953
040 _aPE-LiUPU
_bspa
_cPE-LiUPU
_erda
049 _aPRUA
082 0 4 _a261
_bM86
_223
100 1 _aMoreau, A. Scott,
_eautor.
245 1 0 _aContextualizing the faith :
_ba holistic approach /
_cA. Scott Moreau.
264 1 _aGrand Rapids :
_bBaker Academic,
_c[2018].
300 _axv,256 páginas :
_bilustraciones ;
_c23 centímetros
336 _atext
_2rdacontent
337 _aunmediated
_2rdamedia
338 _avolume
_2rdacarrier
504 _aÍndice: páginas 249-256.
505 0 _aSetting the stage: what is contextualization? -- The social dimension: introduction, association, and kinship -- The social dimension as exchange: economics -- The social dimension as learning: education -- The social dimension as organizational: politics -- The mythic dimension -- The ethical dimension -- The artistic and technological dimension -- The ritual dimension -- The experience dimension: the supernatural -- The doctrinal dimension -- The future of contextualization.
526 _aSEG42
526 _aSEG41
526 _aSEG40
526 _aSEG39
526 _aP94
526 _aP87
526 _aP86
526 _aP85
526 _aP77
526 _aP76
526 _aP35
650 0 4 _aMisiones.
650 0 4 _aCristianismo y cultura.
_91358
910 _adbm
_brri
_crri
_d20181207
910 _adbm
_bsag
_csag
_d20181213
910 _adbm
_bsag
_csag
_d20190103
942 _2ddc
_cBOOK
994 _aC0
_bPEPRU
596 _a1
999 _a261 M86
_wDEWEY
_c30413
_i79337
_f2021-11-10
_g4
_lCCODEBUL1
_mBUL
_p16.00
_r0
_sY
_tBOOK
_u2018-12-7
_xTEOLOGIA
_PP85
_0DONACION
_1FCOMPR2
_o.STAFF. Colección Teología
_d30413
999 _a261 M86
_wDEWEY
_c2
_i79413
_f2021-11-10
_g4
_lCCODEBUL1
_mBUL
_p16.00
_r0
_sY
_tBOOK
_u2018-12-13
_xTEOLOGIA
_PP85
_0DONACION
_1FCOMPR2
_o.STAFF. Colección Teología
999 _a261 M86
_wDEWEY
_c3
_i79453
_f2021-11-10
_g3
_lCCODEBUL1
_mBUL
_p16.00
_r0
_sY
_tBOOK
_u2019-1-3
_xTEOLOGIA
_PP85
_0DONACION
_o.STAFF. Colección Teología
980 _81
_gALBERTO SANCHEZ Responsable de Automatización